Car Models 8 - Statistics

General Stats
  • This quiz has been taken 29 times
  • The average score is 6 of 16
Answer Stats
Picture Answer % Correct
BMW i7
79%
Ford Puma
67%
Suzuki Jimny
63%
Kia Sportage
54%
Lotus Esprit
46%
Toyota MR2 Mk3
42%
Peugeot 408
38%
Chevrolet Equinox
29%
Ineos Grenadier
29%
Lincoln Town Car
29%
Lada Vesta
21%
Ford Cortina Mk4
17%
Fiat Grande Panda
13%
Ginetta G60
13%
Infiniti QX80
13%
Honda Jazz Crosstar
4%
No matching quizzes found
Score Distribution
Percent of People with Each Score
Percentile by Number Answered
Your Score History
You have not taken this quiz